Normal view
MARC view
- Swago, A. W.
Entry Personal Name
001 - CONTROL NUMBER
- control field: 41467
003 - CONTROL NUMBER IDENTIFIER
- control field: NUST
005 - DATE AND TIME OF LATEST TRANSACTION
- control field: 20210314132048.0
008 - FIXED-LENGTH DATA ELEMENTS
- fixed length control field: 210314|| aca||aabn | a|a d
040 ## - CATALOGING SOURCE
- Original cataloging agency: NUST
- Transcribing agency: NUST
100 ## - HEADING--PERSONAL NAME
- Personal name: Swago, A. W.
670 ## - SOURCE DATA FOUND
- Source citation: Work cat.: (NUST): Von Tersch, Lawrence Wayne. 41466, Recurrent electrical transients,, 1953.
